000 00556nam a2200169 i 4500
001 81061
003 ES-MaACL
005 20230906174347.0
007 t|
008 041102s1969 sp ||||1| spa d
100 1 _aHofstadter, Richard.
_963970
245 1 0 _aAnti intelectualismo en la vida norteamericana /
_cRichard Hofstadter ; [traducción de Federico Fernández de Castillejo].
260 _aMadrid :
_bTecnos,
_c[1969]
300 _a405 p. ;
_c23 cm.
700 1 _aFernández de Castillejo, Federico.
_949636
852 _aES-MaACL
_jC-38089
_bR.70791
999 _c81061
_d81061